000 00251nam a22001097a 4500
999 _c261773
_d261772
020 _a0590590898
100 _aLouis Sachar
245 _aThere's A Boy In The Girls Bathroom
260 _aNew York
_bScholastic
_c1987
300 _a195 pgs
942 _cBK